| 000 | 01211nam a2200277 a 4500 | ||
|---|---|---|---|
| 008 | |||
| 020 | _a0872633268 (hbk.) | ||
| 049 | 0 | _aMAIN | |
| 050 | 0 | 0 | _aTS183 TRO |
| 245 | 0 | 0 |
_aTroubleshooting manufacturing processes : _badapted from the Tool and manufacturing engineers handbook : a reference book for manufacturing engineers, managers, and technicians / _c[edited by] LaRoux K. Gillespie. |
| 260 |
_aDearborn, Mich. : _bSociety of Manufacturing Engineers, _cc1988. |
||
| 300 |
_a1 v. (various pagings) : _bill. ; _c29 cm. |
||
| 500 | _a"Produced under the supervision of the SME Publications Committee in cooperation with the SME technical divisions." | ||
| 500 | _a"Fourth edition." | ||
| 504 | _aIncludes bibliographies and index. | ||
| 650 | 0 |
_aManufacturing processes _xHandbooks, manuals, etc. |
|
| 650 | 0 |
_aProduction engineering _xHandbooks, manuals, etc. |
|
| 700 | 1 | _aGillespie, LaRoux K. | |
| 710 | 2 |
_aSociety of Manufacturing Engineers. _bPublications Committee. |
|
| 730 | 0 | _aTool and manufacturing engineers handbook. | |
| 907 |
_a.b10223447 _b21-03-13 _c15-01-07 |
||
| 003 | |||
| 005 | 20230123134316.0 | ||
| 040 | _cNUST | ||
| 942 | _cBOOKS | ||
| 999 |
_c163640 _d163640 |
||